Statistics for UN Specialized Agencies Headquarters Locations

Click here to take the quiz!

General Stats

  • This quiz has been taken 46 times
  • The average score is 14 of 20

Answer Stats

Answer% Correct
New York City
93%
Rome
93%
Washington D.C.
89%
London
82%
Italy
79%
Paris
75%
United States
75%
Geneva
71%
Switzerland
71%
United Kingdom
68%
Canada
64%
Madrid
64%
Vienna
64%
France
61%
Netherlands
61%
Spain
61%
Austria
57%
Bern
57%
Montreal
54%
The Hague
50%

Score Distribution

Percentile by Number Answered

Percent of People with Each Score

Your Score History

You have not taken this quiz